Na trhoch zavládla stagnácia podielové fondy od 26. októbra do 20. novembra 2009

Akciové fondy a fondy zamerané na stredne veľké a malé spoločnosti amerického akciového trhu. Makroekonomické správy zo starého kontinentu. Meranie indexom MSCI. Japonské burzy a japonský akciový trh. Rozvíjajúce sa trhy východnej Európy a juhovýchodnej Ázie. Dosiahnutá výkonnosť fondov, predaje a c...

ver descrição completa

Na minha lista:
Detalhes bibliográficos
Autor principal: Pavlovič, Marek
Formato: Capítulo de Livro
Idioma:eslovaco
Assuntos:
Tags: Adicionar Tag
Sem tags, seja o primeiro a adicionar uma tag!

MARC

LEADER 00000naa$a2200000$$$4500
001 0107964
005 20231019090626.4
041 0 |a slo 
044 |a SK 
245 1 0 |a Na trhoch zavládla stagnácia  |b podielové fondy od 26. októbra do 20. novembra 2009  |c Marek Pavlovič 
520 |a Akciové fondy a fondy zamerané na stredne veľké a malé spoločnosti amerického akciového trhu. Makroekonomické správy zo starého kontinentu. Meranie indexom MSCI. Japonské burzy a japonský akciový trh. Rozvíjajúce sa trhy východnej Európy a juhovýchodnej Ázie. Dosiahnutá výkonnosť fondov, predaje a celkový objem. 
610 2 0 |a trh finančný medzinárodný 
610 2 0 |a fondy akciové 
610 2 0 |a fondy zmiešané 
610 2 0 |a trh peňažný 
610 2 0 |a fondy dlhopisové 
610 2 0 |a predaj 
610 2 0 |a banky centrálne 
100 1 |a Pavlovič, Marek